| 000 | 00982nam a2200313Ia 4500 | ||
|---|---|---|---|
| 001 | dia_5299 | ||
| 003 | CHAP | ||
| 005 | 20251023173535.0 | ||
| 008 | 220117s2005 xx 000 0 und d | ||
| 010 | _a176209 | ||
| 020 | _a84-7978-682-5 | ||
| 040 | _cCHAP | ||
| 082 | _a615.954 P37 2005 | ||
| 100 |
_aPascual Anderson, Ma. del Rosario _9158163 |
||
| 245 |
_aEnfermedades de origen alimentario : su prevención / _c Ma. del Rosario Pascual Anderson |
||
| 260 |
_aEspaña : _b Díaz de Santos, _c2005 |
||
| 300 | _axiv, 188 p. | ||
| 503 | _aC. | ||
| 504 | _aBibliografía: p. 177-188 | ||
| 590 | _aRA601.5 P37 2005 | ||
| 650 |
_aAlimentos _xHigiene _94224 |
||
| 650 |
_aEnfermedad transmitida por alimentos _9158164 |
||
| 650 |
_aFoodborne diseases _x Prevention _9158165 |
||
| 650 |
_aFoodborne illness _9158166 |
||
| 901 | _a615.954 P37 2005 | ||
| 902 | _aM | ||
| 905 | _a5232272005 sp ai 8222123322spa16 | ||
| 942 |
_cLIBRO _2ddc |
||
| 999 |
_c176209 _d176209 |
||